Coding in Turbo Pascal

Đã lưu trong:
Sonraí Bibleagrafaíochta
Príomhúdar: Sargent, David
Formáid: Leabhar
Teanga:Undetermined
Foilsithe: London McGraw-Hill 1994
Ábhair:
Clibeanna: Cuir Clib Leis
Gan Chlibeanna, Bí ar an gcéad duine leis an taifead seo a chlibeáil!
Thư viện lưu trữ: Trung tâm Học liệu Trường Đại học Cần Thơ
LEADER 00474nam a2200181Ia 4500
001 CTU_149447
008 210402s9999 xx 000 0 und d
082 |a 005.26 
082 |b S245 
100 |a Sargent, David 
245 0 |a Coding in Turbo Pascal 
245 0 |c David Sargent 
260 |a London 
260 |b McGraw-Hill 
260 |c 1994 
650 |a Pascal (Computer program language) 
904 |i Giang 
980 |a Trung tâm Học liệu Trường Đại học Cần Thơ